000 00940nam a2200325 a 4500
001 22185
003 VRT
005 20260321120905.0
008 990311s1998 xo 000 1 slo c
020 _a8022008362 (viaz.)
035 _aUKB000239089
040 _aBAA001
_bslo
_cBAA001
_eAACR2
041 1 _aslo
_heng
044 _axo
_cSK
080 _a820(73)-311.4
100 1 _aSteel, Danielle,
_d1947-
245 0 0 _aUzavretý kruh
_cDanielle Steel ; [z angl. orig. prel. Mária Kočanová]
250 _a1. vyd
260 _aBratislava
_bSlov. spis.
_c1998
300 _a208 s
650 0 7 _aliteratúra americká
650 0 7 _aromány spoločenské
653 _a820(73)-311.4
700 1 _aKočanová, Mária
_4trl
765 0 _tFull circle
_aSteel, Danielle, 1947-
910 _aukb
942 _2ddc
_cKLDO
_n0
949 _61800047294
_aSK.D.01996
_bPV.984-99
_s6707:20060716
949 _61800047293
_aSL.D.31805
_bPV.983-99
999 _c22185
_d22185